IDRC 2006 : An update IDRC actives
Сохранить в:
| Соавтор: | |
|---|---|
| Формат: | |
| Язык: | Undetermined |
| Опубликовано: |
Canada
2006
|
| Предметы: | |
| Метки: |
Добавить метку
Нет меток, Требуется 1-ая метка записи!
|
| Thư viện lưu trữ: | Trung tâm Học liệu Trường Đại học Cần Thơ |
|---|
| LEADER | 00481nam a2200181Ia 4500 | ||
|---|---|---|---|
| 001 | CTU_118607 | ||
| 008 | 210402s9999 xx 000 0 und d | ||
| 082 | |a 330.9 | ||
| 082 | |b I.61 | ||
| 110 | |a International Development Research Centre | ||
| 245 | 0 | |a IDRC 2006 : | |
| 245 | 3 | |b An update IDRC actives | |
| 260 | |a Canada | ||
| 260 | |c 2006 | ||
| 650 | |a Economic | ||
| 650 | |x Developing countries | ||
| 904 | |i Vuong | ||
| 980 | |a Trung tâm Học liệu Trường Đại học Cần Thơ | ||